[Event "St Petersburg Blitz 2023"]
[Site "St Petersburg"]
[Date "2023.08.25"]
[Round "4"]
[White "Afanasiev, Vadim"]
[Black "Zakhartsov, Vladimir"]
[Result "1-0"]
[WhiteElo "2198"]
[BlackElo "2526"]
[PlyCount "85"]
[EventDate "2023.08.25"]
[EventType "game (blitz)"]
[EventRounds "11"]
[EventCountry "RUS"]
[SourceTitle "EXT 2024"]
[Source "ChessBase"]
[SourceDate "2023.10.10"]
[SourceVersion "1"]
[SourceVersionDate "2023.10.10"]
[SourceQuality "1"]

1. d4 d5 2. c4 e6 3. Nc3 Be7 4. cxd5 exd5 5. Bf4 Nf6 6. e3 c6 7. Bd3 0-0 8. h3 Re8 9. Nf3 Nbd7 10. Qc2 Nf8 11. 0-0 Ne6 12. Bh2 g6 13. Ne5 Ng7 14. g4 Nd7 15. e4 Nxe5 16. dxe5 d4 17. Ne2 g5 18. Ng3 Ne6 19. Nf5 Bf8 20. Rad1 c5 21. Qd2 Bd7 22. b3 b5 23. Rc1 Rc8 24. f4 gxf4 25. Bxf4 Nxf4 26. Qxf4 a6 27. Nd6 Bxd6 28. Qxf7+ Kh8 29. exd6 Be6 30. Qh5 Qxd6 31. e5 Qe7 32. Rf6 c4 33. Rxe6 Qd7 34. Rxe8+ Rxe8 35. bxc4 bxc4 36. Rxc4 Rf8 37. e6 Qg7 38. Rc5 Qe7 39. Rf5 Rxf5 40. Qxf5 Qa3 41. Qe5+ Kg8 42. e7 Qc1+ 43. Bf1 1-0

[Event "Paracin op 16th"]
[Site "Paracin"]
[Date "2023.07.12"]
[Round "6"]
[White "Afanasiev, Vadim"]
[Black "Perunovic, Miodrag"]
[Result "1/2-1/2"]
[WhiteElo "2213"]
[BlackElo "2405"]
[PlyCount "132"]
[EventDate "2023.07.07"]
[EventType "swiss"]
[EventRounds "9"]
[EventCountry "SRB"]
[SourceTitle "EXT 2024"]
[Source "ChessBase"]
[SourceDate "2023.10.10"]
[SourceVersion "1"]
[SourceVersionDate "2023.10.10"]
[SourceQuality "1"]

1. d4 Nf6 2. c4 e6 3. g3 d5 4. Bg2 Nc6 5. Nf3 dxc4 6. Qa4 Bb4+ 7. Bd2 Bd6 8. Qxc4 0-0 9. 0-0 e5 10. dxe5 Nxe5 11. Nxe5 Bxe5 12. Qc2 c6 13. Na3 Be6 14. Rad1 Qe7 15. Nc4 Qc5 16. b3 Bc7 17. Bc3 Ng4 18. Qb2 Rfd8 19. Bd4 Qg5 20. h3 Nh6 21. Be5 Bxe5 22. Qxe5 Qe7 23. g4 Rd7 24. Rxd7 Qxd7 25. Ne3 Re8 26. Rd1 Qc8 27. Qa5 Qb8 28. Qc5 f6 29. b4 Bxa2 30. Ra1 Be6 31. Rxa7 Nf7 32. b5 Ne5 33. Qb6 Qc8 34. Qxb7 Qxb7 35. Rxb7 cxb5 36. Rxb5 Nc4 37. Nc2 Bf7 38. Nd4 Ne5 39. e3 g6 40. Kh2 Re7 41. Kg3 Kg7 42. h4 Be8 43. Rb6 Bd7 44. g5 fxg5 45. hxg5 Nf7 46. Kf4 Ne5 47. Rb7 Kf8 48. Bd5 Nd3+ 49. Kg3 Nc5 50. Rc7 Na6 51. Ra7 Nc5 52. e4 Be8 53. Rxe7 Kxe7 54. f3 Bd7 55. Kf4 Nd3+ 56. Ke3 Ne5 57. f4 Ng4+ 58. Kf3 h6 59. gxh6 Nxh6 60. Kg3 Ng4 61. Bb3 Kf6 62. Bd1 Ne5 63. Nb3 Nf7 64. Nc5 Bc8 65. Bc2 g5 66. f5 Nh6 1/2-1/2

[Event "Paracin op 16th"]
[Site "Paracin"]
[Date "2023.07.08"]
[Round "3"]
[White "Munkhbayar, Gijir"]
[Black "Afanasiev, Vadim"]
[Result "0-1"]
[WhiteElo "2005"]
[BlackElo "2213"]
[PlyCount "134"]
[EventDate "2023.07.07"]
[EventType "swiss"]
[EventRounds "9"]
[EventCountry "SRB"]
[SourceTitle "EXT 2024"]
[Source "ChessBase"]
[SourceDate "2023.10.10"]
[SourceVersion "1"]
[SourceVersionDate "2023.10.10"]
[SourceQuality "1"]

1. e4 e5 2. Nf3 Nc6 3. Bb5 a6 4. Ba4 Nf6 5. 0-0 Nxe4 6. d4 b5 7. Bb3 d5 8. dxe5 Be6 9. c3 Be7 10. h3 Qd7 11. Nbd2 Nc5 12. Bc2 f6 13. Nd4 Nxe5 14. f4 Nc6 15. Re1 Nxd4 16. cxd4 Nb7 17. a4 b4 18. Qe2 Bf7 19. a5 Nd8 20. Ba4 c6 21. Nb3 Ra7 22. Nc5 Qc8 23. Bd2 0-0 24. Bxb4 Re8 25. Qc2 Qb8 26. Bd2 Bd6 27. Rxe8+ Bxe8 28. Re1 Bf7 29. f5 Qc8 30. Bb4 Bb8 31. Ne6 Nxe6 32. fxe6 Bxe6 33. Qc5 Kf7 34. Bxc6 Rc7 35. Rc1 Ba7 36. Be8+ Qxe8 37. Qxc7+ Bd7 38. Re1 Bxd4+ 39. Kh1 Be5 40. Qb7 Qe6 41. Rd1 Qc6 42. Qxc6 Bxc6 43. Bc3 Ke6 44. Kg1 h5 45. h4 Bg3 46. Be1 Be5 47. Rc1 Bb5 48. b3 d4 49. Kf2 Bf4 50. Rd1 Be3+ 51. Kf3 Bc6+ 52. Kg3 f5 53. Bd2 f4+ 54. Kh2 Ke5 55. b4 Bb5 56. Be1 Ke4 57. Rb1 d3 58. Rb2 Bd4 59. Rd2 Ke3 60. Ra2 Bc4 61. Bf2+ Ke4 62. Rd2 Be3 63. b5 Bxd2 64. b6 Bd5 65. g4 hxg4 66. h5 g3+ 67. Bxg3 fxg3+ 0-1

[Event "Rostov on Don rapid GP Stage 28th"]
[Site "Rostov on Don"]
[Date "2021.10.30"]
[Round "8"]
[White "Afanasiev, Vadim"]
[Black "Nazaretyan, Tigran"]
[Result "1-0"]
[WhiteElo "2246"]
[BlackElo "2316"]
[PlyCount "104"]
[EventDate "2021.10.29"]
[EventType "swiss"]
[EventRounds "11"]
[EventCountry "RUS"]
[SourceTitle "CBM 204 Extra"]
[Source "ChessBase"]
[SourceDate "2021.11.30"]
[SourceVersion "1"]
[SourceVersionDate "2021.11.30"]
[SourceQuality "1"]

1. d4 Nf6 2. c4 d6 3. Nc3 e5 4. Nf3 Nbd7 5. e4 Be7 6. Be2 c6 7. 0-0 0-0 8. Rb1 Re8 9. b4 Bf8 10. d5 cxd5 11. cxd5 Nh5 12. Nxe5 Nxe5 13. Bxh5 Bd7 14. Be2 Rc8 15. Nb5 a6 16. Nd4 g6 17. Qb3 Bg7 18. Be3 Ng4 19. Bxg4 Bxg4 20. f3 Bd7 21. Rbc1 Qe7 22. Bf2 Qg5 23. Qe3 Qe7 24. Rxc8 Bxc8 25. Qd2 h5 26. Re1 h4 27. h3 Kh7 28. f4 Bd7 29. Nf3 Rc8 30. Bxh4 Qf8 31. e5 Bf5 32. Nd4 Bd7 33. e6 fxe6 34. dxe6 Be8 35. e7 Qh8 36. Bf2 Bf6 37. Re6 d5 38. Nf3 Bf7 39. Re2 Qe8 40. Bd4 Bxe7 41. Ng5+ Kg8 42. Bf6 Rc7 43. Qe1 Qc8 44. Bb2 Bxg5 45. fxg5 Rc2 46. Rxc2 Qxc2 47. Qe5 Kf8 48. Bd4 Qc6 49. Bc5+ Kg8 50. Bd4 Kf8 51. Bc5+ Kg8 52. Bd4 Qc8 1-0

[Event "Rostov on Don rapid GP Stage 28th"]
[Site "Rostov on Don"]
[Date "2021.10.30"]
[Round "9"]
[White "Baraeva, Irina"]
[Black "Afanasiev, Vadim"]
[Result "1-0"]
[WhiteElo "2223"]
[BlackElo "2246"]
[PlyCount "47"]
[EventDate "2021.10.29"]
[EventType "swiss"]
[EventRounds "11"]
[EventCountry "RUS"]
[SourceTitle "CBM 204 Extra"]
[Source "ChessBase"]
[SourceDate "2021.11.30"]
[SourceVersion "1"]
[SourceVersionDate "2021.11.30"]
[SourceQuality "1"]

1. d4 g6 2. c4 Bg7 3. Nc3 c5 4. Nf3 cxd4 5. Nxd4 Nc6 6. e3 Nxd4 7. exd4 Nh6 8. Bd3 Nf5 9. Bxf5 gxf5 10. 0-0 0-0 11. Qh5 e6 12. Bg5 f6 13. Bf4 d6 14. Rad1 a6 15. Rd3 Rf7 16. Rh3 Bf8 17. Rd1 b6 18. Rdd3 Raa7 19. Rdg3+ Kh8 20. Qg6 Rg7 21. Rxh7+ Kg8 22. Qh5 Rxg3 23. Rh8+ Kg7 24. Qh7# 1-0

[Event "Riga RTU rapid op"]
[Site "Riga"]
[Date "2019.07.04"]
[Round "6"]
[White "Germanovs, Georgijs"]
[Black "Afanasiev, Vadim"]
[Result "0-1"]
[WhiteElo "1911"]
[BlackElo "2241"]
[PlyCount "52"]
[EventDate "2019.07.04"]
[EventType "swiss (rapid)"]
[EventRounds "9"]
[EventCountry "LAT"]
[SourceTitle "EXT 2020"]
[Source "ChessBase"]
[SourceDate "2019.10.17"]
[SourceVersion "1"]
[SourceVersionDate "2019.10.17"]
[SourceQuality "1"]

1. e4 d6 2. d4 Nf6 3. Nc3 g6 4. f4 Bg7 5. Nf3 0-0 6. e5 dxe5 7. fxe5 Nd5 8. Nxd5 Qxd5 9. Bd3 Bg4 10. Be3 Nc6 11. c4 Qa5+ 12. Bd2 Qb6 13. c5 Qxb2 14. Rb1 Bxf3 15. Rxb2 Bxd1 16. Kxd1 Nxd4 17. Rxb7 Bxe5 18. Re1 f6 19. Bc3 Rfd8 20. Bxd4 Rxd4 21. Kc2 Rad8 22. Rd1 a5 23. c6 Kg7 24. Ra7 R8d5 25. Ra6 Rc5+ 26. Kb3 Rb4+ 0-1

[Event "Minsk rapid op3"]
[Site "Minsk"]
[Date "2018.06.29"]
[Round "4"]
[White "Afanasiev, Vadim"]
[Black "Bykovskiy, Oleg"]
[Result "0-1"]
[WhiteElo "2105"]
[BlackElo "2323"]
[PlyCount "114"]
[EventDate "2018.06.29"]
[EventType "swiss (rapid)"]
[EventRounds "9"]
[EventCountry "BLR"]
[SourceTitle "EXT 2021"]
[Source "ChessBase"]
[SourceDate "2020.10.23"]
[SourceVersion "1"]
[SourceVersionDate "2020.10.23"]
[SourceQuality "1"]

1. d4 Nf6 2. c4 g6 3. Nc3 d5 4. cxd5 Nxd5 5. e4 Nxc3 6. bxc3 c5 7. Bb5+ Nd7 8. Ne2 Bg7 9. 0-0 0-0 10. Rb1 a6 11. Bc4 b5 12. Bd5 Rb8 13. a4 Nb6 14. Bf4 e5 15. dxe5 Nxa4 16. e6 fxe6 17. Bxb8 exd5 18. e5 Bf5 19. Bd6 Bxb1 20. Bxf8 Qxf8 21. Qxb1 Bxe5 22. Qd3 Qd6 23. f4 Bf6 24. f5 g5 25. h4 h6 26. hxg5 hxg5 27. Ng3 Nxc3 28. Nh5 c4 29. Qf3 Ne4 30. Rd1 Qb6+ 31. Kh2 Nc3 32. Re1 Ne4 33. Rd1 Qd6+ 34. g3 Qe5 35. Qa3 Qxf5 36. Qxa6 Qf2+ 37. Kh3 g4+ 38. Kxg4 Qe2+ 39. Kf5 Qxh5+ 40. Ke6 Qf7+ 41. Kf5 Nxg3+ 42. Kg4 Qg6+ 43. Kh3 Qh5+ 44. Kxg3 Qxd1 45. Qxf6 Qd3+ 46. Kg4 Qe2+ 47. Kg3 Qe4 48. Qd8+ Kf7 49. Qd7+ Kf6 50. Qxb5 Ke5 51. Qb8+ Kd4 52. Qa7+ Kd3 53. Qa3+ c3 54. Qa6+ Qc4 55. Qg6+ Kd2 56. Qg5+ Kc2 57. Qg6+ Qd3+ 0-1

[Event "Minsk rapid op3"]
[Site "Minsk"]
[Date "2018.06.29"]
[Round "7"]
[White "Yandarbiev, Ruslan"]
[Black "Afanasiev, Vadim"]
[Result "0-1"]
[WhiteElo "2142"]
[BlackElo "2105"]
[PlyCount "170"]
[EventDate "2018.06.29"]
[EventType "swiss (rapid)"]
[EventRounds "9"]
[EventCountry "BLR"]
[SourceTitle "EXT 2021"]
[Source "ChessBase"]
[SourceDate "2020.10.23"]
[SourceVersion "1"]
[SourceVersionDate "2020.10.23"]
[SourceQuality "1"]

1. e4 g6 2. d4 Bg7 3. Nf3 d6 4. Nc3 Nc6 5. d5 Nb8 6. Bc4 c6 7. h3 Nf6 8. 0-0 0-0 9. Re1 b5 10. Bf1 b4 11. Nb1 cxd5 12. exd5 Bb7 13. c4 Nbd7 14. Nbd2 Rc8 15. Nb3 a5 16. Bg5 Ba6 17. Nbd2 Nc5 18. Rb1 h6 19. Be3 Ncd7 20. Nd4 Ne5 21. b3 Bb7 22. f4 Ned7 23. Bf2 Nc5 24. Qf3 e6 25. Nc6 Bxc6 26. dxc6 Qc7 27. g4 Qxc6 28. Rbd1 d5 29. cxd5 Nxd5 30. Nc4 a4 31. Ne5 Qb7 32. Bc4 Nc3 33. Qxb7 Nxb7 34. Rd2 Rfd8 35. Rc2 Nd6 36. Ba6 Ra8 37. Bf1 axb3 38. axb3 Ndb5 39. Bxb5 Nxb5 40. Rc4 Na3 41. Rc7 Bxe5 42. fxe5 Rac8 43. Rb7 Rb8 44. Rc7 Rdc8 45. Rec1 Rxc7 46. Rxc7 Nb5 47. Rc4 Nc3 48. Be1 Nd5 49. Bd2 Ra8 50. Bxh6 Kh7 51. Bd2 Ra2 52. Bxb4 Rb2 53. Bd6 Rxb3 54. Kh2 Rb2+ 55. Kg3 g5 56. Rc8 Rb3+ 57. Kh2 Nf4 58. Rc7 Kg6 59. Rc8 Rxh3+ 60. Kg1 Rg3+ 61. Kf2 Rxg4 62. Rg8+ Kf5 63. Rg7 f6 64. Rf7 Nd5 65. exf6 Kg6 66. Rf8 Nxf6 67. Be5 Nd5 68. Bh8 Rf4+ 69. Rxf4 gxf4 70. Be5 Kf5 71. Bb8 e5 72. Ke2 e4 73. Ba7 f3+ 74. Kf2 Nf4 75. Bb6 Nd5 76. Ba7 Kg4 77. Bc5 e3+ 78. Kf1 Kf4 79. Ba7 Ke4 80. Bb8 Kd3 81. Bg3 Nc3 82. Bh4 Ne4 83. Ke1 f2+ 84. Bxf2 exf2+ 85. Kf1 Ke3 0-1

[Event "Minsk Amateur op"]
[Site "Minsk"]
[Date "2018.06.27"]
[Round "4"]
[White "Afanasiev, Vadim"]
[Black "Lugovoy, Dmitry"]
[Result "1-0"]
[WhiteElo "2266"]
[BlackElo "2138"]
[PlyCount "75"]
[EventDate "2018.06.25"]
[EventType "swiss"]
[EventRounds "9"]
[EventCountry "BLR"]
[SourceTitle "CBM 185 Extra"]
[Source "ChessBase"]
[SourceDate "2018.07.29"]
[SourceVersion "1"]
[SourceVersionDate "2018.07.29"]
[SourceQuality "1"]

1. d4 e6 2. c4 b6 3. a3 Bb7 4. Nc3 f5 5. d5 Na6 6. g3 Nf6 7. Bg2 Nc5 8. Nh3 Bd6 9. Bf4 Bxf4 10. Nxf4 e5 11. Nd3 d6 12. Qc2 Nxd3+ 13. exd3 0-0 14. 0-0 f4 15. d4 Ng4 16. Bf3 Bc8 17. Bxg4 Bxg4 18. dxe5 dxe5 19. f3 Bh3 20. Rf2 Qg5 21. Ne4 Qg6 22. Re1 fxg3 23. hxg3 Rf5 24. Rh2 Rh5 25. g4 Rf8 26. Ng3 Rh4 27. Qxg6 hxg6 28. Re3 Rf4 29. Ne4 Kf8 30. Ng5 Rxc4 31. Rxh3 Rxh3 32. Nxh3 Rc2 33. Rxe5 Rxb2 34. Ng5 Rb3 35. a4 Rc3 36. Kf2 Rc4 37. Re4 Rc5 38. Ne6+ 1-0

[Event "Minsk rapid op1"]
[Site "Minsk"]
[Date "2018.06.25"]
[Round "1"]
[White "Afanasiev, Vadim"]
[Black "Korovin, Mikhail"]
[Result "1/2-1/2"]
[WhiteElo "2105"]
[BlackElo "2392"]
[PlyCount "116"]
[EventDate "2018.06.25"]
[EventType "swiss (rapid)"]
[EventRounds "9"]
[EventCountry "BLR"]
[SourceTitle "EXT 2021"]
[Source "ChessBase"]
[SourceDate "2020.10.23"]
[SourceVersion "1"]
[SourceVersionDate "2020.10.23"]
[SourceQuality "1"]

1. d4 Nf6 2. c4 e6 3. Nc3 Bb4 4. e3 0-0 5. Bd3 c5 6. Nge2 cxd4 7. exd4 d5 8. cxd5 exd5 9. 0-0 h6 10. f3 Nc6 11. Be3 Re8 12. Bf2 Bd6 13. Rc1 Bd7 14. a3 Rc8 15. b4 a6 16. Na4 Qc7 17. g3 Bh3 18. Re1 Qb8 19. Nc5 a5 20. b5 Ne7 21. b6 Nf5 22. Bb5 Re7 23. Qd2 h5 24. Nf4 Bxf4 25. Qxf4 Qxf4 26. gxf4 Rxe1+ 27. Rxe1 Nd6 28. Bd3 Kf8 29. Bh4 Bf5 30. Bf1 Nc4 31. Nxb7 Rb8 32. Bxc4 Rxb7 33. Bxf6 gxf6 34. Bxd5 Rxb6 35. Be4 Bd7 36. Re3 Rb2 37. Rc3 Ke7 38. f5 h4 39. h3 Kd6 40. Rc5 a4 41. Rd5+ Ke7 42. Ra5 Rb3 43. Ra7 Kd8 44. Ra8+ Kc7 45. Ra7+ Kd8 46. Ra8+ Kc7 47. Ra7+ Kc8 48. Ra8+ Kc7 49. Ra7+ Kd6 50. Ra6+ Ke7 51. Ra7 Rc3 52. Kf2 Kd6 53. Ra6+ Ke7 54. Ra7 Kd8 55. Ra8+ Kc7 56. Ra7+ Kd8 57. Ra8+ Ke7 58. Ra7 Kd8 1/2-1/2

[Event "Sochi ChessAmateur op"]
[Site "Sochi"]
[Date "2018.04.07"]
[Round "9"]
[White "Bezgodova, Svetlana"]
[Black "Afanasiev, Vadim"]
[Result "0-1"]
[WhiteElo "2045"]
[BlackElo "2305"]
[PlyCount "74"]
[EventDate "2018.04.01"]
[EventType "swiss"]
[EventRounds "9"]
[EventCountry "RUS"]
[SourceTitle "CBM 184 Extra"]
[Source "ChessBase"]
[SourceDate "2018.06.28"]
[SourceVersion "1"]
[SourceVersionDate "2018.06.28"]
[SourceQuality "1"]

1. Nf3 Nf6 2. g3 b6 3. Bg2 Bb7 4. 0-0 e6 5. d3 d5 6. Nbd2 Be7 7. e4 0-0 8. e5 Nfd7 9. Re1 c5 10. Nf1 Nc6 11. h4 Qc7 12. Bf4 a5 13. N1h2 a4 14. a3 b5 15. Ng5 h6 16. Qh5 Nd4 17. Ng4 Nf5 18. Nxe6 fxe6 19. Qg6 Qb6 20. Bh3 Ra6 21. Bxh6 Rf7 22. Nf6+ Bxf6 23. Bxf5 Nf8 24. Qh5 exf5 25. exf6 gxh6 26. Re8 Qxf6 27. Rae1 Qg6 28. Qf3 f4 29. g4 d4 30. Rxf8+ Kxf8 31. Qe2 Qc6 32. f3 Qxf3 33. Qe8+ Kg7 34. Re2 Qxg4+ 35. Kf1 f3 36. Re7 Qg2+ 37. Ke1 f2+ 0-1

[Event "Sochi ChessAmateur op"]
[Site "Sochi"]
[Date "2018.04.04"]
[Round "6"]
[White "Afanasiev, Vadim"]
[Black "Takhirov, Viktor"]
[Result "1-0"]
[WhiteElo "2305"]
[BlackElo "2096"]
[PlyCount "74"]
[EventDate "2018.04.01"]
[EventType "swiss"]
[EventRounds "9"]
[EventCountry "RUS"]
[SourceTitle "CBM 184 Extra"]
[Source "ChessBase"]
[SourceDate "2018.06.28"]
[SourceVersion "1"]
[SourceVersionDate "2018.06.28"]
[SourceQuality "1"]

1. d4 c6 2. c4 d6 3. Nc3 g6 4. Nf3 Bg7 5. e3 Bg4 6. Be2 Nf6 7. h3 Bxf3 8. Bxf3 Nbd7 9. 0-0 0-0 10. Rb1 Qc7 11. b4 a6 12. a4 e5 13. Qb3 Rab8 14. Rd1 Rfe8 15. Ba3 Bf8 16. b5 exd4 17. Rxd4 Ne5 18. Be2 c5 19. Nd5 Nxd5 20. Rxd5 f5 21. Rbd1 Nf7 22. f4 Qe7 23. R5d3 axb5 24. axb5 h5 25. Bf3 Kh7 26. Bd5 Nh6 27. Bb2 Bg7 28. b6 Rbd8 29. Bxg7 Qxg7 30. Bf3 Re6 31. Qa2 Qe7 32. Qf2 Ra8 33. Bd5 Rf6 34. Qf3 Rff8 35. Rb3 Rab8 36. Ra3 Rfd8 37. Ra7 Rd7 1-0

[Event "Sochi ChessAmateur op"]
[Site "Sochi"]
[Date "2018.04.03"]
[Round "4"]
[White "Proleiko, Julian"]
[Black "Afanasiev, Vadim"]
[Result "1-0"]
[WhiteElo "2160"]
[BlackElo "2305"]
[PlyCount "71"]
[EventDate "2018.04.01"]
[EventType "swiss"]
[EventRounds "9"]
[EventCountry "RUS"]
[SourceTitle "CBM 184 Extra"]
[Source "ChessBase"]
[SourceDate "2018.06.28"]
[SourceVersion "1"]
[SourceVersionDate "2018.06.28"]
[SourceQuality "1"]

1. d4 g6 2. e4 Bg7 3. Nf3 d6 4. c3 Nf6 5. Bd3 0-0 6. 0-0 Nc6 7. Bg5 h6 8. Bh4 e5 9. dxe5 dxe5 10. Bxf6 Qxf6 11. Nbd2 Rd8 12. Qe2 b6 13. a4 a5 14. Rfd1 h5 15. Bc4 g5 16. Bd5 Ba6 17. Bc4 Bb7 18. Bd5 g4 19. Ne1 Ra7 20. Nf1 Ba6 21. Bc4 Bc8 22. Nc2 Bf8 23. Nce3 Bc5 24. Ng3 Qg5 25. Bb5 Rxd1+ 26. Rxd1 Ne7 27. Rd8+ Kg7 28. Bd7 Ba6 29. Qd2 h4 30. Ngf5+ Nxf5 31. Nxf5+ Kf6 32. Qxg5+ Kxg5 33. Rg8+ Kf4 34. Nd6 Be2 35. g3+ hxg3 36. hxg3+ 1-0

[Event "Split op 3rd"]
[Site "Split"]
[Date "2013.08.13"]
[Round "4"]
[White "Afanasiev, Vadim"]
[Black "Zakhartsov, Viacheslav V"]
[Result "1/2-1/2"]
[WhiteElo "2297"]
[BlackElo "2560"]
[PlyCount "79"]
[EventDate "2013.08.10"]
[EventType "swiss"]
[EventRounds "9"]
[EventCountry "CRO"]
[SourceTitle "CBM 155 Extra"]
[Source "ChessBase"]
[SourceDate "2013.08.26"]
[SourceVersion "1"]
[SourceVersionDate "2013.08.26"]
[SourceQuality "1"]

1. d4 Nf6 2. c4 g6 3. Nc3 d5 4. cxd5 Nxd5 5. e4 Nxc3 6. bxc3 Bg7 7. Bb5+ c6 8. Ba4 0-0 9. Ne2 b5 10. Bb3 a5 11. 0-0 Nd7 12. Bg5 a4 13. Bc2 Nb6 14. Qc1 f6 15. Bh6 e5 16. Bxg7 Kxg7 17. Rd1 Qe7 18. Ng3 Be6 19. f4 Rad8 20. Qe3 Nc4 21. Qf2 Qa3 22. f5 Bg8 23. fxg6 hxg6 24. Rd3 Nb2 25. Rf3 Qd6 26. Rb1 a3 27. d5 Nc4 28. h4 cxd5 29. h5 Bh7 30. Rxb5 d4 31. Rb7+ Rd7 32. Rxd7+ Qxd7 33. h6+ Kxh6 34. Rxf6 Rxf6 35. Qxf6 Ne3 36. cxd4 Qxd4 37. Qh4+ Kg7 38. Qe7+ Kh6 39. Qh4+ Kg7 40. Qe7+ 1/2-1/2

[Event "RUS-Cup02"]
[Site "Moscow"]
[Date "1998.??.??"]
[Round "3"]
[White "Afanasiev, Vadim"]
[Black "Alagulian, Kamo"]
[Result "0-1"]
[WhiteElo "2305"]
[BlackElo "2105"]
[PlyCount "60"]
[EventDate "1998.01.21"]
[EventType "swiss"]
[EventRounds "9"]
[EventCountry "RUS"]
[SourceTitle "EXT 1999"]
[Source "ChessBase"]
[SourceDate "1998.11.16"]
[SourceVersion "1"]
[SourceVersionDate "1998.11.16"]
[SourceQuality "1"]

1. d4 Nf6 2. c4 c5 3. d5 e6 4. Nc3 exd5 5. cxd5 d6 6. e4 g6 7. Bd3 Bg7 8. Nge2 a6 9. a4 0-0 10. 0-0 Re8 11. h3 Nbd7 12. Ng3 Rb8 13. f4 Qc7 14. Be3 c4 15. Bc2 Nc5 16. Qf3 b5 17. axb5 axb5 18. Rad1 b4 19. Nce2 Nfxe4 20. Bxe4 Nxe4 21. Nxe4 Qe7 22. N2g3 f5 23. Nxd6 Qxd6 24. Qf2 Rb5 25. Rc1 Rxd5 26. Rfe1 c3 27. b3 Ba6 28. Kh2 Rc8 29. Qf3 c2 30. Qf2 Rd1 0-1

[Event "RUS-Cup02"]
[Site "Moscow"]
[Date "1998.??.??"]
[Round "6"]
[White "Korobov, Anton"]
[Black "Afanasiev, Vadim"]
[Result "1/2-1/2"]
[WhiteElo "2165"]
[BlackElo "2305"]
[PlyCount "59"]
[EventDate "1998.01.21"]
[EventType "swiss"]
[EventRounds "9"]
[EventCountry "RUS"]
[SourceTitle "EXT 1999"]
[Source "ChessBase"]
[SourceDate "1998.11.16"]
[SourceVersion "1"]
[SourceVersionDate "1998.11.16"]
[SourceQuality "1"]

1. Nf3 d5 2. d4 c6 3. c4 Nf6 4. cxd5 cxd5 5. Nc3 Nc6 6. Bf4 Qb6 7. Na4 Qa5+ 8. Bd2 Qd8 9. e3 e6 10. Bb5 Bd7 11. Bxc6 Bxc6 12. Ne5 Bd6 13. Nxc6 bxc6 14. g3 0-0 15. Qc2 Rc8 16. 0-0-0 Ne4 17. Bc3 c5 18. dxc5 Bxc5 19. Kb1 Bb4 20. Qxe4 Bxc3 21. Qd3 Bf6 22. Qa6 Qd7 23. e4 d4 24. f4 g6 25. e5 Be7 26. b3 Rfd8 27. Qd3 Qd5 28. Rhe1 Rd7 29. Re4 Rcd8 30. Rc1 1/2-1/2

[Event "RUS-Cup02"]
[Site "Moscow"]
[Date "1998.??.??"]
[Round "8"]
[White "Zaitsev, Vadim"]
[Black "Afanasiev, Vadim"]
[Result "1/2-1/2"]
[WhiteElo "2425"]
[BlackElo "2305"]
[PlyCount "85"]
[EventDate "1998.01.21"]
[EventType "swiss"]
[EventRounds "9"]
[EventCountry "RUS"]
[SourceTitle "EXT 1999"]
[Source "ChessBase"]
[SourceDate "1998.11.16"]
[SourceVersion "1"]
[SourceVersionDate "1998.11.16"]
[SourceQuality "1"]

1. e4 d6 2. d4 Nf6 3. Nc3 g6 4. g3 Bg7 5. Bg2 0-0 6. Nge2 Nc6 7. h3 e5 8. Be3 exd4 9. Nxd4 Bd7 10. 0-0 Re8 11. Re1 Qc8 12. Kh2 Re5 13. Nxc6 bxc6 14. g4 h5 15. f4 Re8 16. g5 Nh7 17. Bd4 Bxd4 18. Qxd4 Qb7 19. b3 Nf8 20. Rf1 Qb6 21. Qd3 Re7 22. Rad1 Rae8 23. Rd2 Bc8 24. Na4 Qa5 25. Rdf2 Ne6 26. h4 Ng7 27. c4 d5 28. exd5 Nf5 29. Qd2 Qxd2 30. Rxd2 cxd5 31. Nc3 dxc4 32. Nd5 Re2 33. Rf2 Rxf2 34. Rxf2 Ne3 35. bxc4 Nxd5 36. cxd5 Bf5 37. Rb2 Re3 38. Rb8+ Kg7 39. Rb7 Re2 40. Kg3 Rxa2 41. Rxc7 Ra3+ 42. Kf2 Ra2+ 43. Kg3 1/2-1/2

[Event "Centrocoop op"]
[Site "Eforie Nord"]
[Date "1997.??.??"]
[Round "?"]
[White "Afanasiev, Vadim"]
[Black "Buescu, Neculai"]
[Result "1/2-1/2"]
[WhiteElo "2310"]
[BlackElo "2205"]
[PlyCount "131"]
[EventDate "1997.??.??"]
[EventType "swiss"]
[EventRounds "11"]
[EventCountry "ROU"]
[SourceTitle "EXT 2010"]
[Source "ChessBase"]
[SourceDate "2010.11.25"]
[SourceVersion "1"]
[SourceVersionDate "2010.11.25"]
[SourceQuality "1"]

1. d4 Nf6 2. c4 e6 3. Nc3 Bb4 4. e3 c5 5. Bd3 Nc6 6. Nge2 cxd4 7. exd4 d5 8. cxd5 Nxd5 9. Be4 Nf6 10. Bf3 0-0 11. 0-0 Be7 12. Bf4 Nb4 13. Qb3 Nbd5 14. Be5 Qb6 15. Rfe1 Qxb3 16. axb3 Rd8 17. Rad1 a6 18. Nf4 Nxf4 19. Bxf4 Bd6 20. Be5 Rb8 21. Na4 Ne8 22. Nb6 f6 23. Bxd6 Nxd6 24. Bg4 f5 25. Bf3 Bd7 26. Rc1 Nb5 27. d5 exd5 28. Bxd5+ Kf8 29. Re5 g6 30. h4 Bc6 31. Bc4 Re8 32. f4 Rxe5 33. fxe5 Rd8 34. Na4 Rd2 35. Bf1 Nd4 36. Nc5 Ne2+ 37. Bxe2 Rxe2 38. Ne6+ Ke7 39. Nd4 Rxg2+ 40. Kf1 Rxb2 41. Nxc6+ bxc6 42. Rxc6 Rxb3 43. Rxa6 Re3 44. Kf2 Rxe5 45. Ra7+ Kf6 46. Rxh7 Re4 47. Kg3 Re3+ 48. Kf2 Rd3 49. Kg2 f4 50. Ra7 Rg3+ 51. Kh2 Kf5 52. Rg7 Ke4 53. Ra7 Kf3 54. Ra6 Ke4 55. Ra4+ Kf5 56. Ra6 Re3 57. Ra5+ Re5 58. Ra6 Rd5 59. Kh3 Re5 60. Rb6 Re6 61. Rb5+ Ke4 62. Kg4 Rf6 63. Rb4+ Ke5 64. Rb5+ Kd4 65. Rb4+ Ke3 66. Rb3+ 1/2-1/2

[Event "Centrocoop op"]
[Site "Eforie Nord"]
[Date "1997.??.??"]
[Round "3"]
[White "Afanasiev, Vadim"]
[Black "Romcovici, Victor"]
[Result "1-0"]
[WhiteElo "2310"]
[BlackElo "2120"]
[PlyCount "73"]
[EventDate "1997.??.??"]
[EventType "swiss"]
[EventRounds "11"]
[EventCountry "ROU"]
[SourceTitle "EXT 2010"]
[Source "ChessBase"]
[SourceDate "2010.11.25"]
[SourceVersion "1"]
[SourceVersionDate "2010.11.25"]
[SourceQuality "1"]

1. d4 c5 2. d5 e5 3. c4 d6 4. e4 Nf6 5. Nc3 Be7 6. h3 Nbd7 7. Bd3 Nf8 8. Nf3 Ng6 9. a3 0-0 10. 0-0 Nh5 11. Re1 Nhf4 12. Bf1 f5 13. Kh2 fxe4 14. Nxe4 Qe8 15. Ng1 Bf5 16. Nc3 Qf7 17. Be3 e4 18. g4 Bd7 19. Nxe4 h5 20. gxh5 Ne5 21. Ng3 b5 22. b3 a5 23. Nf3 Nfd3 24. Nxe5 Nxe5 25. f4 Bg5 26. fxg5 Nf3+ 27. Kh1 Nxe1 28. Qxe1 a4 29. bxa4 Rxa4 30. cxb5 Rh4 31. Kh2 Bxh3 32. Kg1 Qxd5 33. Bxh3 Rxh3 34. Bf2 Rh4 35. Rd1 Qxg5 36. Qe3 Qg4 37. Rxd6 1-0